MARC

LEADER 00000nab a2200000 4500
001 vtls012018891
003 SK-MaSNL
005 20260318114053.0
008 210319c2019 xo er|n || ||00 c0ukr
015 |a SNBRB2021/03 
038 |a SVKPOCL 
040 |a SVKPOCL  |b slo  |c SVKPOCL  |e rda 
041 0 |a ukr 
043 |a e-xo--- 
044 |a xo  |c SK 
072 7 |a 316.7  |x Sociológia kultúry. Kultúrny život  |2 konspekt 
072 7 |a 061.2  |x Nevládne organizácie a kooperácia  |2 konspekt 
072 7 |a 336.7  |x Financie  |2 konspekt 
080 |a 316.022.4(=161.25)(=161.2):061.2:721  |2 2011 
080 |a 69.059.25  |2 20111 
080 |a 336.717.11  |2 2011 
080 |a 336.717.11:69.059.25  |2 2011 
080 |a (437.671)  |2 2011 
080 |a (437.6)  |2 2011 
110 2 |a Redakcia novín Nove žyttja  |4 aut  |9 837994 
245 0 0 |a Na fond hazety «Nove žyttja»  |c Redakcia. 
336 |a text  |b txt  |2 rdacontent 
337 |a bez média  |b n  |2 rdamedia 
338 |a zväzok  |b nc  |2 rdacarrier 
610 2 7 |a Zväz Rusínov-Ukrajincov Slovenskej republiky  |2 SNKKA  |9 18604 
610 2 7 |a Slovensko-ukrajinské informačné centrum (Prešov, Slovensko)  |2 svkpocl  |9 1235754 
648 7 |a 2019  |2 svkpocl  |9 350886 
650 0 7 |a revitalizácia budov  |2 SNKPH  |9 134976 
650 0 7 |a financovanie  |2 SNKPH  |9 16004 
650 0 7 |a finančné účty  |2 svkpocl  |9 1323884 
651 7 |a Slovensko  |2 SNKPHgeo  |9 14231 
651 7 |a Prešov (Slovensko)  |2 SNKPHgeo  |9 17347 
773 0 |t Nove žyttja  |g Roč. 69, č. 11 (2019), s. [1] 
852 |a SVKPO  |b KIS3GCP 
958 |a SK 
958 |a SS 
958 |a NM 
958 |a UK 
999 |c 3364643  |d 3366573